000
00228 a2200097 4500
001
45251
100
_a
245
_a
Symposium on materials for gas turbine
260
_a
Philadelphia
_b
American society
_c
090
_c
28440
_d
28440
942
_a
NUST-CAE
_c
_c
20492
999
_c
280324
_d
280324